000 00969nam a2200217Ia 4500
003 IN-BaIIA
008 211028s9999 xx 000 0 eng d
020 _a90-277-0800-2
040 _cIIA Library
080 _a621.391(082.1)
_bASP-2
111 _aInternational Symposium on Solar-Terrestrial Physics
_cPortovenere, La Spezia, Italy
_d1976 Aug 31-Sep 11
_99784
245 0 _aAspects of Signal processing
_bproceedings of the NATO Advanced Study institute on Aspects of Signal processing with Emphasiss on Underwater Acoustics pt. 1, held in Portovenere, La Spezia, Italy 30 August–11 Sept.ember 1976
_cedited by G. Tacconi
260 _aDordrecht
_bD. Reidel Publishing
_c1977
300 _a[various pagings.]
650 _aNASA thesaurus
650 _aSignal processing
_93537
650 _aSurface acoustic Wave devices
_99785
650 _aUnderwater Acoustics
_99786
700 _aTacconi, G,, ed.
_99787
942 _cBK
999 _c5634
_d5634